| 000 | 00379nam a22001457a 4500 | ||
|---|---|---|---|
| 003 | MACL | ||
| 005 | 20170711120949.0 | ||
| 008 | 170711b xxu||||| |||| 00| 0 eng d | ||
| 040 | _cMACL | ||
| 100 |
_aJain, Dr. Mukesh D. _968115 |
||
| 245 | _aAyurvedic Panchkarma and Yoga | ||
| 260 |
_aNew Delhi _bAbhinav Publications _c2016 |
||
| 650 |
_aPharmacology _968116 |
||
| 942 |
_2ddc _cBK |
||
| 999 |
_c56724 _d56724 |
||